Austronesian language quiz - Statistics

General Stats
  • This quiz has been taken 35 times
  • The average score is 8 of 12
Answers on the Grid
Answers color-coded by a green-red scale on the quiz's grid according to % correct below.
Cebuano
Hawaiian
Khmer
Nicobarese
Korean
Sinhala
Dhivehi
Jarawa
Burmese
Malagasy
Javanese
Tetum
Zhuang
Maori
Malay
Banjarese
Kosati
Atayal
Fijian
Okinawa
Pohnpeian
Malayalam
 
Answer Stats
Answer % Correct
Hawaiian
93%
Javanese
85%
Cebuano
81%
Fijian
81%
Maori
81%
Malagasy
78%
Malay
78%
Tetum
70%
Banjarese
59%
Pohnpeian
59%
Atayal
37%
Nicobarese
15%
No matching quizzes found
Score Distribution
Percent of People with Each Score
Percentile by Number Answered
Your Score History
You have not taken this quiz